00687 2200193 4500001002100000005001700021008004100038035002400079082001100103090002000114100001400134245012200148260010700270300004200377500001600419504002800435650001200463990001800475YOGYA-0113000000032220130107114406.0 ind  0010-011300000000322 a627.52 aSk 627.52 Sut A aSUTAN H.B aAnalisis keragaan pengolahan air irigasi berdasarkan kebutuhan petani(studi kasus:Daerah Irigasi Pijenan)/cSutan H.B aYogyakarta :bJurusan Mekanisasi Pertanian Fakultas Teknologi Pertanian Universitas Gadjah Mada,c2000 aix,69(31)lbr. :bilus.,lamp. ;c29 cm aSkripsi UGM aBibliografi:(lbr.70-71) aIrigasi a42749-PD/A.12